Analysts feel Q1 tyre demand surge is misleading (Record no. 54272)

MARC details
000 -LEADER
fixed length control field 00280nam a2200109Ia 4500
100 ## - MAIN ENTRY--AUTHOR NAME
Personal name Gardner Peter
245 #0 - TITLE STATEMENT
Title Analysts feel Q1 tyre demand surge is misleading
260 ## - PUBLICATION, DISTRIBUTION, ETC. (IMPRINT)
Name of publisher Rubber Asia
Year of publication 2002
300 ## - PHYSICAL DESCRIPTION
Number of Pages 128-129
942 ## - ADDED ENTRY ELEMENTS (KOHA)
Koha item type Journals
Holdings
Withdrawn status Lost status Damaged status Not for loan Home library Current library Shelving location Date acquired Serial Enumeration / chronology Koha item type
      Journals RRII Library RRII Library Rubber general 01/01/2021 Volume 16, Issue 6 Journals